[Event "Ste-Foy - Jeudi 2"]
[Site "Ste-Foy CAN"]
[Date "2018.08.16"]
[Round "4"]
[White "Lalonde, Jean-Louis"]
[Black "Auger, Bertrand"]
[Result "0-1"]
[WhiteElo "1869"]
[BlackElo "1888"]
[PlyCount "92"]
[EventDate "2018.07.26"]
[EventType "swiss"]
[EventRounds "5"]
[EventCountry "CAN"]

1. d4 Nf6 2. Nf3 e6 3. e3 b6 4. c4 Bb7 5. a3 Be7 6. Nc3 O-O 7. Bd3 d5 8. cxd5
exd5 9. Ne5 Nbd7 10. f4 Ne4 11. O-O Ndf6 12. Bd2 c5 13. Rc1 Rc8 14. Rf3 a6 15.
Be1 Rc7 16. Bh4 c4 17. Bb1 b5 18. Qc2 Qd6 19. Rh3 g6 20. Bxf6 Bxf6 21. Nxe4
dxe4 22. Qe2 Bg7 23. Ng4 Re8 24. Nh6+ Kh8 25. f5 Bxh6 26. Rxh6 Kg7 27. Qh5 gxh5
28. Rxd6 Rc6 29. Rxc6 Bxc6 30. Rf1 Kf6 31. Rf4 a5 32. Kf2 b4 33. axb4 axb4 34.
Ke2 Rg8 35. g3 Rg4 36. Rf2 Rg5 37. Rf4 Rg4 38. Rf2 h6 39. Rf4 Bd5 40. Bc2 b3
41. Bb1 Kg5 42. h3 Rxf4 43. exf4+ Kxf5 44. Ke3 f6 45. g4+ hxg4 46. hxg4+ Kxg4
0-1

[Event "Ste-Foy - Jeudi 2"]
[Site "Ste-Foy CAN"]
[Date "2018.08.16"]
[Round "4"]
[White "Leblanc-Legault, Mathieu"]
[Black "Sauve, Richard"]
[Result "1/2-1/2"]
[WhiteElo "1702"]
[BlackElo "1897"]
[PlyCount "83"]
[EventDate "2018.07.26"]
[EventType "swiss"]
[EventRounds "5"]
[EventCountry "CAN"]

1. d4 d5 2. c4 e6 3. cxd5 exd5 4. Bf4 Bd6 5. Bxd6 Qxd6 6. e3 Nf6 7. Nc3 O-O 8.
Qc2 c6 9. Bd3 Re8 10. a3 Bg4 11. Nge2 Bxe2 12. Nxe2 Nbd7 13. Rc1 Nf8 14. h3 Ne4
15. Bxe4 Rxe4 16. O-O Nd7 17. Nc3 Rh4 18. Na4 Rh6 19. Rfd1 Re8 20. Nc5 Nxc5 21.
dxc5 Qc7 22. Rd4 Rhe6 23. Rcd1 h6 24. Qc3 Re4 25. Rxe4 Rxe4 26. Rd4 Qe7 27. b4
a6 28. Qd3 f5 29. Rxe4 Qxe4 30. Qd4 Qxd4 31. exd4 g5 32. f4 Kg7 33. Kf2 Kg6 34.
Kf3 Kf6 35. g4 Kg6 36. fxg5 hxg5 37. gxf5+ Kxf5 38. a4 Kf6 39. Kg4 Kg6 40. Kg3
Kf5 41. Kf3 Kf6 42. Kg4 1/2-1/2

[Event "Ste-Foy - Jeudi 2"]
[Site "Ste-Foy CAN"]
[Date "2018.08.16"]
[Round "4"]
[White "Lescarbeau, Martin"]
[Black "Deschesnes, Jean"]
[Result "0-1"]
[WhiteElo "1659"]
[BlackElo "1798"]
[PlyCount "52"]
[EventDate "2018.07.26"]
[EventType "swiss"]
[EventRounds "5"]
[EventCountry "CAN"]

1. d4 d5 2. c4 e5 3. dxe5 d4 4. Nf3 Nc6 5. g3 Nge7 6. Bg2 Ng6 7. O-O Bg4 8.
Nbd2 Qd7 9. a3 O-O-O 10. b4 Kb8 11. Bb2 h5 12. h4 Bh3 13. Bxh3 Qxh3 14. Ng5 Qd7
15. Ndf3 Ngxe5 16. Qb3 f6 17. Nxe5 Nxe5 18. Nf3 Nxf3+ 19. Qxf3 g5 20. Rad1 c5
21. Qxf6 Be7 22. Qe5+ Bd6 23. Qxg5 Rdg8 24. Qd5 Qc7 25. Kh1 Bxg3 26. Qxc5 Qd7
0-1

[Event "Ste-Foy - Jeudi 2"]
[Site "Ste-Foy CAN"]
[Date "2018.08.16"]
[Round "4"]
[White "Pare, Marc"]
[Black "Cummins, Paul"]
[Result "1-0"]
[WhiteElo "2009"]
[BlackElo "1772"]
[PlyCount "67"]
[EventDate "2018.07.26"]
[EventType "swiss"]
[EventRounds "5"]
[EventCountry "CAN"]

1. e4 b6 2. d4 Bb7 3. Bd3 e6 4. Ne2 c5 5. c3 cxd4 6. cxd4 Nf6 7. Nbc3 Bb4 8.
O-O h6 9. Ng3 Nc6 10. e5 Nd5 11. Nxd5 exd5 12. Be3 Bf8 13. Rc1 Ne7 14. e6 Rc8
15. exf7+ Kxf7 16. Qf3+ Kg8 17. Nh5 Qe8 18. g4 Qf7 19. Qg3 g6 20. Nf4 Bg7 21.
Rxc8+ Bxc8 22. Rc1 Kh7 23. h4 Rf8 24. h5 Kg8 25. hxg6 Qe8 26. Nh5 Nxg6 27. Rxc8
Qxc8 28. Bxg6 Qc6 29. Bf5 Qa4 30. Nxg7 Kxg7 31. Qe5+ Kf7 32. Qxd5+ Ke8 33. Qe5+
Kd8 34. Bxh6 1-0

[Event "Ste-Foy - Jeudi 2"]
[Site "Ste-Foy CAN"]
[Date "2018.08.23"]
[Round "5"]
[White "Auger, Bertrand"]
[Black "Leblanc-Legault, Mathieu"]
[Result "1-0"]
[WhiteElo "1888"]
[BlackElo "1702"]
[PlyCount "95"]
[EventDate "2018.07.26"]
[EventType "swiss"]
[EventRounds "5"]
[EventCountry "CAN"]

1. Nf3 d5 2. g3 Nf6 3. Bg2 Bf5 4. O-O c6 5. d3 h6 6. Nbd2 Nbd7 7. c4 e6 8. b3
Qb6 9. Bb2 Bd6 10. e4 Bg4 11. h3 Bxf3 12. Nxf3 dxe4 13. dxe4 Bxg3 14. Bd4 Qc7
15. fxg3 Qxg3 16. Qe1 Qg6 17. Ne5 Nxe5 18. Bxe5 O-O 19. Qg3 Qxg3 20. Bxg3 Rfd8
21. Rad1 Ne8 22. h4 Kf8 23. h5 f6 24. Bf2 b6 25. Be3 e5 26. b4 Ke7 27. a4 Rab8
28. Kf2 Nc7 29. Bh3 Na6 30. Rb1 Rd3 31. Rg1 Kf7 32. Bf1 Rd7 33. c5 b5 34. axb5
cxb5 35. Be2 Nc7 36. Rbd1 Rbd8 37. Rxd7+ Rxd7 38. Rd1 Ke7 39. Rg1 Kf8 40. c6
Rf7 41. Bxa7 f5 42. Bc5+ Ke8 43. Ra1 fxe4+ 44. Ke3 Rf6 45. Kxe4 Kd8 46. Rd1+
Kc8 47. Bg4+ Kb8 48. Rd8# 1-0

[Event "Ste-Foy - Jeudi 2"]
[Site "Ste-Foy CAN"]
[Date "2018.08.23"]
[Round "5"]
[White "Chabot, Michelin"]
[Black "Dube, Daniel"]
[Result "0-1"]
[WhiteElo "1572"]
[BlackElo "1839"]
[PlyCount "140"]
[EventDate "2018.07.26"]
[EventType "swiss"]
[EventRounds "5"]
[EventCountry "CAN"]

1. d4 Nf6 2. c4 e6 3. Nc3 Bb4 4. Bd2 c5 5. e3 cxd4 6. exd4 d5 7. a3 Be7 8. c5
O-O 9. Nf3 b6 10. b4 bxc5 11. bxc5 Nc6 12. Bb5 Bd7 13. Bxc6 Bxc6 14. Ne5 Qc7
15. Bf4 Qc8 16. O-O Nd7 17. Nxc6 Qxc6 18. Qd3 Bf6 19. Bd6 Rfd8 20. f4 Rac8 21.
Rac1 Nf8 22. Be5 Bxe5 23. fxe5 Nd7 24. Nb5 Qa6 25. Rf3 Rb8 26. Rb1 f6 27. Rh3
g6 28. exf6 Nxf6 29. Rb4 Ne4 30. Re3 Rb7 31. Rxe4 dxe4 32. Qxe4 Rxb5 33. Rxb5
Rf8 34. Rb1 Qc4 35. h3 Rd8 36. Rb4 Qc1+ 37. Kh2 Re8 38. Rb1 Qxa3 39. Rf1 Qb4
40. Qe5 Qb8 41. Qxb8 Rxb8 42. Ra1 Rb7 43. Kg3 Kf7 44. Kf4 Kf6 45. Ke4 Rd7 46.
Rf1+ Ke7 47. c6 Rc7 48. d5 exd5+ 49. Kxd5 a5 50. Re1+ Kd8 51. Kd6 Rf7 52. Rd1
Rf2 53. Kc5+ Kc8 54. Rd7 h5 55. Kb6 a4 56. Rc7+ Kd8 57. Rg7 Rb2+ 58. Kc5 Rxg2
59. c7+ Kc8 60. Kb4 a3 61. Kxa3 g5 62. Kb4 g4 63. h4 Rc2 64. Rg5 Rxc7 65. Rxh5
Rg7 66. Rc5+ Kd7 67. Ra5 Ke6 68. Kc3 g3 69. Ra1 Kf5 70. Kd2 Kg4 0-1

[Event "Ste-Foy - Jeudi 2"]
[Site "Ste-Foy CAN"]
[Date "2018.08.23"]
[Round "5"]
[White "Deschesnes, Jean"]
[Black "Cummins, Paul"]
[Result "1-0"]
[WhiteElo "1798"]
[BlackElo "1772"]
[PlyCount "79"]
[EventDate "2018.07.26"]
[EventType "swiss"]
[EventRounds "5"]
[EventCountry "CAN"]

1. d4 Nf6 2. Nf3 c6 3. g3 g6 4. Bg2 Bg7 5. O-O d6 6. Nbd2 Bd7 7. c3 Qc8 8. Re1
d5 9. e4 dxe4 10. Nxe4 Nxe4 11. Rxe4 Bf5 12. Re1 Bg4 13. Bg5 e6 14. h3 Bxf3 15.
Qxf3 O-O 16. Qe3 Nd7 17. Bh6 Qd8 18. h4 Bxh6 19. Qxh6 Qf6 20. Rad1 Nb6 21. Re5
Nc4 22. Re2 Rad8 23. Rde1 Qg7 24. Qf4 Rd7 25. Bh3 Re7 26. b3 Nb6 27. Bg2 Rd8
28. Re5 Nd5 29. Bxd5 cxd5 30. h5 Rc8 31. Rxd5 Qf8 32. Qf6 Rec7 33. Rb5 a6 34.
Rb6 Qh6 35. hxg6 Qxg6 36. Qf4 Kh8 37. Re5 Rxc3 38. Rg5 Qb1+ 39. Kg2 f5 40. Qe5#
1-0

[Event "Ste-Foy - Jeudi 2"]
[Site "Ste-Foy CAN"]
[Date "2018.08.23"]
[Round "5"]
[White "Sauve, Richard"]
[Black "Pare, Marc"]
[Result "0-1"]
[WhiteElo "1897"]
[BlackElo "2009"]
[PlyCount "70"]
[EventDate "2018.07.26"]
[EventType "swiss"]
[EventRounds "5"]
[EventCountry "CAN"]

1. d4 f5 2. g3 Nf6 3. Bg2 e6 4. Nf3 Be7 5. O-O d5 6. c4 O-O 7. Nc3 c6 8. Bf4
Ne4 9. Qc2 Nd7 10. h4 Ndf6 11. Ne5 Bd7 12. f3 Nxc3 13. bxc3 Be8 14. c5 Nh5 15.
Nd3 Nxf4 16. Nxf4 Rf6 17. e4 Bd7 18. Qb3 Rb8 19. Rab1 Rh6 20. exf5 exf5 21.
Rfe1 Kh8 22. c4 g5 23. hxg5 Bxg5 24. Nxd5 cxd5 25. cxd5 Bf6 26. Qe3 Rg6 27. f4
Qg8 28. Kf2 Qg7 29. Red1 Re8 30. Qc3 Rxg3 31. Qxg3 Bxd4+ 32. Rxd4 Qxd4+ 33. Kf1
Bb5+ 34. Rxb5 Qd1+ 35. Kf2 Re2+ 0-1

[Event "Ste-Foy - Morphy"]
[Site "Ste-Foy CAN"]
[Date "2018.02.17"]
[Round "1"]
[White "Desbiens, Raphael"]
[Black "Stoyanova, Stela"]
[Result "1-0"]
[WhiteElo "2034"]
[BlackElo "1628"]
[PlyCount "55"]
[EventDate "2018.02.17"]
[EventType "swiss"]
[EventRounds "5"]
[EventCountry "CAN"]

1. e4 e5 2. Nf3 Nc6 3. Bb5 d6 4. d4 Bd7 5. Nc3 Nf6 6. O-O h6 7. Bxc6 bxc6 8.
dxe5 dxe5 9. Nxe5 Bd6 10. Nxd7 Nxd7 11. Be3 O-O 12. f4 Bc5 13. Qf3 Qe7 14. Rad1
Bxe3+ 15. Qxe3 Rfe8 16. Rd4 Nb6 17. Rfd1 Qf6 18. e5 Qg6 19. Qe4 Qxe4 20. Nxe4
Nd5 21. Nc5 Rab8 22. c4 Ne3 23. R1d2 Nf5 24. Rd7 g5 25. Ne4 Kg7 26. Nf6 Re7 27.
Rd8 Rxd8 28. Rxd8 1-0

[Event "Ste-Foy - Morphy"]
[Site "Ste-Foy CAN"]
[Date "2018.02.17"]
[Round "1"]
[White "Fecteau, Martin"]
[Black "Chabot, Michelin"]
[Result "1-0"]
[WhiteElo "1952"]
[BlackElo "1577"]
[PlyCount "73"]
[EventDate "2018.02.17"]
[EventType "swiss"]
[EventRounds "5"]
[EventCountry "CAN"]

1. d4 d5 2. c4 c6 3. Nf3 e6 4. Qc2 Bd6 5. g3 Nf6 6. Bg2 O-O 7. Nbd2 Nbd7 8. O-O
h6 9. b3 e5 10. dxe5 Nxe5 11. Bb2 Re8 12. Rfe1 Bg4 13. c5 Bc7 14. Nd4 Ned7 15.
b4 Be5 16. N2f3 Bxf3 17. exf3 Bxd4 18. Bxd4 Nf8 19. Rad1 Ne6 20. Ba1 Nc7 21.
Bf1 a6 22. a4 Rxe1 23. Rxe1 Ne6 24. Bh3 Ng5 25. Bg2 Ne6 26. h4 Nf8 27. Qd3 N6d7
28. Qd4 f6 29. f4 Kh8 30. g4 Ng6 31. h5 Ne7 32. Qe3 Ng8 33. Bf1 Qf8 34. Bd3 a5
35. Qe6 Nxc5 36. bxc5 Qxc5 37. Qf5 1-0

[Event "Ste-Foy - Morphy"]
[Site "Ste-Foy CAN"]
[Date "2018.02.17"]
[Round "1"]
[White "Jean, Martin"]
[Black "Laflamme, Simon"]
[Result "0-1"]
[WhiteElo "1594"]
[BlackElo "1964"]
[PlyCount "46"]
[EventDate "2018.02.17"]
[EventType "swiss"]
[EventRounds "5"]
[EventCountry "CAN"]

1. c4 c6 2. Nc3 d5 3. cxd5 cxd5 4. d4 Nf6 5. Nf3 Nc6 6. g3 Bf5 7. a3 e6 8. Bg2
h6 9. O-O Rc8 10. Nh4 Bh7 11. f4 Be7 12. f5 Nxd4 13. fxe6 fxe6 14. e3 Nc6 15.
Rxf6 Bxf6 16. Qh5+ Ke7 17. Ng6+ Bxg6 18. Qxg6 h5 19. Ne2 Qa5 20. b4 Qa4 21. Nf4
Ne5 22. Qb1 Qd1+ 23. Bf1 Nf3+ 0-1

[Event "Ste-Foy - Morphy"]
[Site "Ste-Foy CAN"]
[Date "2018.02.17"]
[Round "1"]
[White "Sauve, Richard"]
[Black "Oliver, Vance"]
[Result "1/2-1/2"]
[WhiteElo "1913"]
[BlackElo "1485"]
[PlyCount "148"]
[EventDate "2018.02.17"]
[EventType "swiss"]
[EventRounds "5"]
[EventCountry "CAN"]

1. d4 Nf6 2. c4 g6 3. Nc3 Bg7 4. e4 d6 5. f3 O-O 6. Be3 Nc6 7. Nge2 a6 8. Qd2
Rb8 9. Nc1 e5 10. Nb3 exd4 11. Nxd4 Nxd4 12. Bxd4 Bd7 13. Be2 b5 14. cxb5 axb5
15. O-O c6 16. Rac1 b4 17. Nd1 c5 18. Be3 Be6 19. b3 Ne8 20. Kh1 Qe7 21. Bc4
Nc7 22. Bg5 Qd7 23. Bh6 Bxh6 24. Qxh6 Nb5 25. Bxb5 Qxb5 26. Ne3 Ra8 27. Nf5
Bxf5 28. exf5 gxf5 29. Qg5+ Kh8 30. Qf6+ Kg8 31. Rfe1 Qd3 32. Qg5+ Kh8 33. Red1
Qe2 34. Rxd6 Rae8 35. Rg1 Re6 36. Qd2 Rfe8 37. Qxe2 Rxe2 38. Rd5 Rxa2 39. Rxc5
Ra3 40. Rxf5 Kg7 41. Rb5 Rxb3 42. h3 h6 43. Ra1 Rb2 44. Ra4 Rb1+ 45. Kh2 b3 46.
Rab4 Re3 47. Kg3 Rb2 48. Kf4 Rc3 49. Ke4 Rxg2 50. Rxb3 Rc4+ 51. Ke3 Rg3 52.
R5b4 Rxb4 53. Rxb4 Rxh3 54. Kf2 Rh5 55. Rb7 Rf5 56. Kg3 Kg6 57. Rb6+ Rf6 58.
Rb5 Re6 59. Ra5 f5 60. Ra8 Kg5 61. Ra5 Re1 62. Kg2 h5 63. Ra8 Re2+ 64. Kf1 Re6
65. Kf2 h4 66. Rg8+ Rg6 67. Rh8 Rh6 68. Rg8+ Kf4 69. Ra8 h3 70. Ra4+ Kg5 71.
Kg1 f4 72. Kh2 Kf5 73. Ra5+ Kg6 74. Ra6+ Kg5 1/2-1/2

[Event "Ste-Foy - Morphy"]
[Site "Ste-Foy CAN"]
[Date "2018.02.24"]
[Round "2"]
[White "Chouinard, Etienne"]
[Black "Desbiens, Raphael"]
[Result "1/2-1/2"]
[WhiteElo "1890"]
[BlackElo "2034"]
[PlyCount "105"]
[EventDate "2018.02.17"]
[EventType "swiss"]
[EventRounds "5"]
[EventCountry "CAN"]

1. e4 e5 2. Nf3 Nc6 3. Bc4 Bc5 4. d3 Nf6 5. Bg5 h6 6. Bh4 g5 7. Bg3 d6 8. c3
Bg4 9. a4 Bb6 10. b4 a5 11. b5 Nb8 12. Qb3 Qe7 13. Nbd2 Nbd7 14. O-O-O Nc5 15.
Qc2 Ne6 16. h3 Bh5 17. Bxe6 Qxe6 18. Rde1 Nd7 19. d4 c6 20. bxc6 bxc6 21. dxe5
dxe5 22. Qb3 Qxb3 23. Nxb3 Bxf3 24. gxf3 f6 25. h4 Kf7 26. Rh2 Rhb8 27. Kc2 Rb7
28. hxg5 hxg5 29. Rh7+ Ke6 30. Rd1 Rab8 31. Nd4+ Bxd4 32. cxd4 Rb2+ 33. Kc1
Rb1+ 34. Kd2 R8b2+ 35. Ke1 Rxd1+ 36. Kxd1 exd4 37. Bc7 Rxf2 38. Bxa5 Rxf3 39.
Bb4 c5 40. Bd2 c4 41. Bb4 Ke5 42. Rxd7 Kxe4 43. Bc5 Rd3+ 44. Kc2 Rc3+ 45. Kd2
Rd3+ 46. Kc2 Ke3 47. a5 Rd2+ 48. Kc1 Ra2 49. Bxd4+ Ke4 50. Bxf6 Rxa5 51. Rd4+
Kf5 52. Bxg5 Kxg5 53. Rxc4 1/2-1/2

[Event "Ste-Foy - Morphy"]
[Site "Ste-Foy CAN"]
[Date "2018.02.24"]
[Round "2"]
[White "Halhal, Sami"]
[Black "Leblanc-Legault, Mathieu"]
[Result "1-0"]
[WhiteElo "1952"]
[BlackElo "1727"]
[PlyCount "25"]
[EventDate "2018.02.17"]
[EventType "swiss"]
[EventRounds "5"]
[EventCountry "CAN"]

1. d4 d5 2. Nc3 c6 3. e4 dxe4 4. f3 e5 5. Be3 exd4 6. Qxd4 Qxd4 7. Bxd4 exf3 8.
Nxf3 Bf5 9. O-O-O f6 10. Bc4 Bd6 11. Rhe1+ Kf8 12. Bc5 Be7 13. Rd8# 1-0

[Event "Ste-Foy - Morphy"]
[Site "Ste-Foy CAN"]
[Date "2018.02.24"]
[Round "2"]
[White "Laflamme, Simon"]
[Black "Fecteau, Martin"]
[Result "1/2-1/2"]
[WhiteElo "1964"]
[BlackElo "1952"]
[PlyCount "43"]
[EventDate "2018.02.17"]
[EventType "swiss"]
[EventRounds "5"]
[EventCountry "CAN"]

1. Nf3 c5 2. c4 Nf6 3. d4 cxd4 4. Nxd4 g6 5. Nc3 Bg7 6. e4 d6 7. f3 Nc6 8. Be3
Bd7 9. Qd2 Rc8 10. b3 Qa5 11. Rc1 O-O 12. Be2 a6 13. O-O Nxd4 14. Bxd4 Bc6 15.
Rfd1 Rfe8 16. Bxf6 exf6 17. Rc2 f5 18. Kf1 fxe4 19. Nxe4 Qxd2 20. Rcxd2 Bxe4
21. fxe4 Be5 22. g3 1/2-1/2

[Event "Ste-Foy - Morphy"]
[Site "Ste-Foy CAN"]
[Date "2018.02.24"]
[Round "2"]
[White "Lescarbeau, Martin"]
[Black "Sauve, Richard"]
[Result "0-1"]
[WhiteElo "1651"]
[BlackElo "1913"]
[PlyCount "92"]
[EventDate "2018.02.17"]
[EventType "swiss"]
[EventRounds "5"]
[EventCountry "CAN"]

1. d4 d5 2. e4 dxe4 3. Nc3 Nf6 4. f3 Bf5 5. fxe4 Nxe4 6. Nxe4 Bxe4 7. Nf3 e6 8.
Bc4 Be7 9. O-O O-O 10. Ne5 Bg6 11. c3 Nd7 12. Nxg6 hxg6 13. Qe2 Nf6 14. Bg5 c6
15. Rae1 Nd5 16. Bxe7 Qxe7 17. Qf3 Rad8 18. Bb3 Nf6 19. Re5 Nd7 20. Re2 Qg5 21.
Qh3 Nf6 22. Rfe1 Qg4 23. Qe3 Nd5 24. Qf2 Qf4 25. Bxd5 Qxf2+ 26. Kxf2 Rxd5 27.
Re5 Rfd8 28. Kf3 Rxe5 29. Rxe5 Rd5 30. Kf4 Kf8 31. Ke4 Ke7 32. c4 Rxe5+ 33.
dxe5 c5 34. g4 b6 35. g5 Kd7 36. h4 Kc6 37. a4 a6 38. Kd3 Kd7 39. b3 Ke7 40.
Ke4 f6 41. Kf4 fxe5+ 42. Ke4 Kd6 43. Ke3 e4 44. Kxe4 e5 45. Kf3 Ke6 46. Ke4 a5
0-1

[Event "Ste-Foy - Morphy"]
[Site "Ste-Foy CAN"]
[Date "2018.03.03"]
[Round "3"]
[White "Cummins, Paul"]
[Black "Chouinard, Etienne"]
[Result "1-0"]
[WhiteElo "1733"]
[BlackElo "1890"]
[PlyCount "73"]
[EventDate "2018.02.17"]
[EventType "swiss"]
[EventRounds "5"]
[EventCountry "CAN"]

1. e4 e5 2. Nf3 Nc6 3. Bc4 Bc5 4. O-O Nf6 5. d4 Bxd4 6. Nxd4 Nxd4 7. f4 d6 8.
fxe5 dxe5 9. Bg5 Be6 10. Bd3 Nc6 11. c3 Nb8 12. Na3 c6 13. Qe2 Nbd7 14. Rae1 h6
15. Bh4 g5 16. Bg3 h5 17. Nc4 Bxc4 18. Bxc4 h4 19. Bf2 Nh5 20. Bxf7+ Kxf7 21.
Bb6+ Qf6 22. Rxf6+ Ndxf6 23. Qc4+ Kg6 24. Be3 Rad8 25. Bc5 Nf4 26. Be7 Rd2 27.
Bxf6 Rxg2+ 28. Kf1 Kxf6 29. Rd1 Rxh2 30. Rd7 Rf8 31. Ke1 Rxb2 32. Qc5 Re8 33.
Qd6+ Ne6 34. Rh7 Kg6 35. Qd7 Rf8 36. Re7 Rf6 37. Qe8+ 1-0

[Event "Ste-Foy - Morphy"]
[Site "Ste-Foy CAN"]
[Date "2018.03.03"]
[Round "3"]
[White "Desbiens, Raphael"]
[Black "Halhal, Sami"]
[Result "1-0"]
[WhiteElo "2034"]
[BlackElo "1952"]
[PlyCount "161"]
[EventDate "2018.02.17"]
[EventType "swiss"]
[EventRounds "5"]
[EventCountry "CAN"]

1. e4 c5 2. Nf3 d6 3. Bb5+ Nc6 4. d4 cxd4 5. Nxd4 Bd7 6. O-O a6 7. Be2 g6 8.
Nc3 Bg7 9. Be3 Nf6 10. Qd2 O-O 11. Rad1 Rc8 12. Nxc6 Bxc6 13. f3 b5 14. a3 Qc7
15. Qe1 Rfd8 16. Qf2 Nd7 17. Bd4 Bxd4 18. Rxd4 Qb6 19. Rfd1 Nc5 20. R4d2 Nd7
21. Na2 Qxf2+ 22. Kxf2 Bb7 23. b3 Nb6 24. Rc1 d5 25. Rcd1 e6 26. exd5 Rxd5 27.
Nb4 Rxd2 28. Rxd2 Nd5 29. c4 bxc4 30. Bxc4 Nxb4 31. axb4 Rb8 32. Rd6 Bd5 33.
Bxd5 exd5 34. Rxa6 Rxb4 35. Ra3 d4 36. Ke2 Kg7 37. Kd3 f5 38. Kc2 Kf6 39. Ra4
d3+ 40. Kc3 d2 41. Ra1 Rb7 42. Rd1 Rc7+ 43. Kxd2 Rd7+ 44. Ke2 Rb7 45. Rb1 Ke5
46. b4 Kd4 47. b5 Rb6 48. h4 f4 49. Kd2 h6 50. Rb4+ Kc5 51. Kc3 g5 52. hxg5
hxg5 53. Rb2 Re6 54. b6 Re3+ 55. Kd2 Re8 56. b7 Rd8+ 57. Kc3 Rb8 58. Kd3 Kd5
59. Rb5+ Kc6 60. Kc4 Kd6 61. Kd4 Kc6 62. Rb2 Kd6 63. Ke4 Kc7 64. Kf5 Rf8+ 65.
Kxg5 Kb8 66. Rb4 Rg8+ 67. Kxf4 Rxg2 68. Ke5 Rg5+ 69. Kf6 Rg1 70. f4 Rg4 71. Kf5
Rg1 72. Rb2 Re1 73. Kf6 Re3 74. f5 Re1 75. Kf7 Rg1 76. f6 Re1 77. Kf8 Rg1 78.
f7 Rg3 79. Rb5 Re3 80. Kg7 Rg3+ 81. Kf6 1-0

[Event "Ste-Foy - Morphy"]
[Site "Ste-Foy CAN"]
[Date "2018.03.03"]
[Round "3"]
[White "Fecteau, Martin"]
[Black "Sarra-Bournet, Marc"]
[Result "1-0"]
[WhiteElo "1952"]
[BlackElo "1921"]
[PlyCount "113"]
[EventDate "2018.02.17"]
[EventType "swiss"]
[EventRounds "5"]
[EventCountry "CAN"]

1. d4 d5 2. c4 e6 3. Nf3 Nf6 4. Bg5 Be7 5. Nc3 O-O 6. e3 Nbd7 7. cxd5 exd5 8.
Bd3 Re8 9. O-O Nf8 10. Qc2 c6 11. Ne5 Ng4 12. Bxe7 Qxe7 13. Nf3 Ng6 14. h3 Nh6
15. Rae1 Qf6 16. Nh2 Qh4 17. Ne2 Bxh3 18. gxh3 Qxh3 19. Bxg6 hxg6 20. Nf4 Qh4
21. Ng2 Qg5 22. f4 Qh5 23. Qe2 Qf5 24. Nh4 Qf6 25. Qf2 Re4 26. N4f3 Rae8 27.
Ng5 R4e7 28. Qg3 Qf5 29. Rf3 f6 30. Nh3 Qd3 31. Qf2 Nf5 32. Nf1 Kf7 33. e4 Qxd4
34. e5 Qxf2+ 35. Kxf2 d4 36. Ra3 b6 37. Ng1 c5 38. Nf3 a5 39. Rb3 Re6 40. Ng3
c4 41. Rb5 d3 42. Nxf5 gxf5 43. Nd4 R6e7 44. Nxf5 fxe5 45. Nd6+ Kf8 46. Nxe8
Rxe8 47. Rbxe5 Rd8 48. Rd1 Kf7 49. Ke3 Kf6 50. Ke4 Rd6 51. Rd5 Re6+ 52. Kd4 Re2
53. Kxc4 Rxb2 54. a3 Rf2 55. Rd4 Rb2 56. R1xd3 a4 57. Kc3 1-0

[Event "Ste-Foy - Morphy"]
[Site "Ste-Foy CAN"]
[Date "2018.03.03"]
[Round "3"]
[White "Sauve, Richard"]
[Black "Laflamme, Simon"]
[Result "0-1"]
[WhiteElo "1913"]
[BlackElo "1964"]
[PlyCount "48"]
[EventDate "2018.02.17"]
[EventType "swiss"]
[EventRounds "5"]
[EventCountry "CAN"]

1. d4 d5 2. c4 e5 3. dxe5 d4 4. Nf3 Nc6 5. g3 Nge7 6. Bg2 Ng6 7. O-O Ngxe5 8.
b3 Nxf3+ 9. Bxf3 Bh3 10. Re1 Qd7 11. Ba3 O-O-O 12. Bxf8 Rhxf8 13. Na3 h5 14. e3
h4 15. exd4 hxg3 16. hxg3 Nxd4 17. Bd5 Nf5 18. Qf3 c6 19. Be4 Nd4 20. Qc3 Qg4
21. Qe3 f5 22. Bg2 f4 23. Bxh3 Qxh3 24. gxf4 Nf3+ 0-1

[Event "Ste-Foy - Morphy"]
[Site "Ste-Foy CAN"]
[Date "2018.03.10"]
[Round "4"]
[White "Chouinard, Etienne"]
[Black "Sarra-Bournet, Marc"]
[Result "1-0"]
[WhiteElo "1890"]
[BlackElo "1921"]
[PlyCount "61"]
[EventDate "2018.02.17"]
[EventType "swiss"]
[EventRounds "5"]
[EventCountry "CAN"]

1. b3 e5 2. Bb2 Nc6 3. e4 Bc5 4. Nf3 d6 5. h3 Nf6 6. d3 O-O 7. Nbd2 Nh5 8. g3
Qf6 9. Qe2 Be6 10. O-O-O g6 11. c3 a5 12. Nc4 b5 13. Ncxe5 dxe5 14. d4 exd4 15.
cxd4 Nxd4 16. Nxd4 Rfd8 17. Nxe6 Rxd1+ 18. Qxd1 Qxe6 19. Qc2 Be7 20. Bxb5 Rd8
21. Bc4 Qb6 22. Rd1 Bg5+ 23. f4 Qe3+ 24. Kb1 Rxd1+ 25. Qxd1 Be7 26. Qd5 Qe1+
27. Bc1 Nf6 28. Qxf7+ Kh8 29. Qxe7 Qxe4+ 30. Qxe4 Nxe4 31. Bb2+ 1-0

[Event "Ste-Foy - Morphy"]
[Site "Ste-Foy CAN"]
[Date "2018.03.10"]
[Round "4"]
[White "Halhal, Sami"]
[Black "Sauve, Richard"]
[Result "0-1"]
[WhiteElo "1952"]
[BlackElo "1913"]
[PlyCount "114"]
[EventDate "2018.02.17"]
[EventType "swiss"]
[EventRounds "5"]
[EventCountry "CAN"]

1. d4 d5 2. Nc3 e6 3. e4 Nf6 4. Be3 dxe4 5. f3 c5 6. fxe4 cxd4 7. Bxd4 Nc6 8.
Bxf6 Qxf6 9. a3 Be7 10. Nf3 O-O 11. Bd3 Ne5 12. Nxe5 Qxe5 13. Qe2 Bd7 14. O-O
Bc5+ 15. Kh1 Bd6 16. g3 Rac8 17. Nd1 Bc6 18. Ne3 Bxe4+ 19. Ng2 Bxd3 20. Qxd3
Rfd8 21. Qf3 Rd7 22. c3 Rcd8 23. Rae1 Qb5 24. Re2 Bb8 25. Ne3 Qc6 26. Qxc6 bxc6
27. Kg2 Rd2 28. Kf3 Bc7 29. Rff2 Rxe2 30. Rxe2 Kf8 31. Nc2 c5 32. b4 Rd3+ 33.
Re3 Rd2 34. Re2 Rxe2 35. Kxe2 Bb6 36. Kd3 Ke7 37. c4 cxb4 38. axb4 Bg1 39. h3
Kd6 40. g4 f5 41. gxf5 exf5 42. Ne1 Bf2 43. Nf3 g6 44. Ng5 Be1 45. b5 h5 46.
Nf7+ Ke6 47. Nd8+ Kd6 48. Nb7+ Ke5 49. c5 Kd5 50. c6 Bg3 51. Kc3 g5 52. Kd3 g4
53. h4 Bc7 54. Kc3 f4 55. Kd3 f3 56. Kd2 g3 57. Ke3 g2 0-1

[Event "Ste-Foy - Morphy"]
[Site "Ste-Foy CAN"]
[Date "2018.03.10"]
[Round "4"]
[White "Laflamme, Simon"]
[Black "Desbiens, Raphael"]
[Result "0-1"]
[WhiteElo "1964"]
[BlackElo "2034"]
[PlyCount "48"]
[EventDate "2018.02.17"]
[EventType "swiss"]
[EventRounds "5"]
[EventCountry "CAN"]

1. e4 e5 2. Nf3 Nc6 3. Bc4 Bc5 4. b4 Bxb4 5. c3 Ba5 6. d4 Qe7 7. Ba3 Qf6 8. O-O
Nge7 9. dxe5 Nxe5 10. Nxe5 Qxe5 11. f4 Qxe4 12. Bd3 Qe3+ 13. Kh1 d6 14. Re1
Qxf4 15. Re4 Qg5 16. h4 Qg3 17. Qe2 Be6 18. Nd2 Bb6 19. Nf3 O-O-O 20. Rf1 Ng6
21. Ng5 Ne5 22. Nxe6 fxe6 23. Bc4 d5 24. Rxe5 Qxh4# 0-1

[Event "Ste-Foy - Morphy"]
[Site "Ste-Foy CAN"]
[Date "2018.03.10"]
[Round "4"]
[White "Michaud, Jacques"]
[Black "Fecteau, Martin"]
[Result "1/2-1/2"]
[WhiteElo "1484"]
[BlackElo "1952"]
[PlyCount "111"]
[EventDate "2018.02.17"]
[EventType "swiss"]
[EventRounds "5"]
[EventCountry "CAN"]

1. d4 d5 2. c4 c6 3. Nc3 Nf6 4. Bg5 e6 5. e4 dxe4 6. Nxe4 Nbd7 7. Nf3 Qa5+ 8.
Bd2 Qb6 9. Nc3 Be7 10. Qb3 O-O 11. Qxb6 Nxb6 12. Bd3 c5 13. Be3 cxd4 14. Bxd4
Nbd7 15. O-O b6 16. Ne5 Bb7 17. Nxd7 Nxd7 18. Be4 Bxe4 19. Nxe4 Rac8 20. b3 Nc5
21. Nxc5 Bxc5 22. Rad1 Rfd8 23. Bxc5 bxc5 24. Rfe1 f6 25. Kf1 Kf7 26. Ke2 a5
27. Rxd8 Rxd8 28. Rd1 Ke7 29. Rxd8 Kxd8 30. Kd3 Kc7 31. Ke4 Kd6 32. g4 g6 33.
h4 f5+ 34. gxf5 exf5+ 35. Kf4 h6 36. h5 gxh5 37. Kxf5 Ke7 38. Ke5 h4 39. Kf4 h5
40. Kf3 Kf6 41. Kg2 Kf5 42. Kh3 Kg5 43. f3 Kf4 44. Kxh4 Kxf3 45. Kxh5 Ke3 46.
Kg5 Kd3 47. Kf5 Kc3 48. Ke5 Kb2 49. Kd5 Kxa2 50. Kxc5 Kxb3 51. Kd5 a4 52. c5 a3
53. c6 a2 54. c7 a1=Q 55. c8=Q Qc3 56. Qxc3+ 1/2-1/2